[Event "ALG-ch"]
[Site "Oran"]
[Date "2018.07.13"]
[Round "2"]
[White "Talbi, Chafik"]
[Black "Nassr, Ahmed"]
[Result "1-0"]
[WhiteElo "2251"]
[BlackElo "2051"]
[PlyCount "67"]
[EventDate "2018.07.12"]
[EventType "tourn"]
[EventRounds "7"]
[EventCountry "ALG"]
[SourceTitle "EXT 2019"]
[Source "ChessBase"]
[SourceDate "2018.10.10"]
[SourceVersion "1"]
[SourceVersionDate "2018.10.10"]
[SourceQuality "1"]

1. d4 d5 2. c4 c6 3. Nc3 Nf6 4. Nf3 dxc4 5. e4 b5 6. e5 Nd5 7. a4 Nxc3 8. bxc3 e6 9. Ng5 h6 10. Qh5 Qd7 11. Be2 b4 12. Bxc4 g6 13. Qh3 bxc3 14. Be3 Ba6 15. Ne4 Be7 16. Bxa6 Nxa6 17. 0-0 Nb4 18. Nxc3 0-0-0 19. Rfc1 Kb8 20. a5 Ka8 21. Qf3 Bg5 22. Rab1 Rb8 23. Ne4 Bxe3 24. fxe3 Qd5 25. Nd6 Qxf3 26. gxf3 Nd3 27. Rxb8+ Rxb8 28. Rxc6 Rb1+ 29. Kg2 Rc1 30. Rxc1 Nxc1 31. Nxf7 a6 32. Nd8 Nb3 33. Nxe6 Nxa5 34. Nc5 1-0

[Event "Africa-ch"]
[Site "Livingstone"]
[Date "2018.05.16"]
[Round "5"]
[White "Mwali, Chitumbo"]
[Black "Talbi, Chafik"]
[Result "1-0"]
[WhiteElo "2322"]
[BlackElo "2263"]
[PlyCount "73"]
[EventDate "2018.05.13"]
[EventType "swiss"]
[EventRounds "9"]
[EventCountry "ZAM"]
[SourceTitle "CBM 184 Extra"]
[Source "ChessBase"]
[SourceDate "2018.06.28"]
[SourceVersion "1"]
[SourceVersionDate "2018.06.28"]
[SourceQuality "1"]

1. c4 e6 2. g3 d5 3. Bg2 Nf6 4. Nf3 Be7 5. 0-0 0-0 6. b3 c5 7. e3 Nc6 8. Bb2 b6 9. Nc3 Ba6 10. Qe2 Rc8 11. Rfd1 Re8 12. d3 Qd7 13. Rac1 Bf8 14. Bh3 Rcd8 15. Nb5 Bxb5 16. cxb5 Na5 17. d4 c4 18. Bc3 Qxb5 19. Bxa5 Qxa5 20. bxc4 Ne4 21. cxd5 Rxd5 22. Qc2 Nd6 23. e4 Rh5 24. Bg4 Rb5 25. e5 Nc8 26. Ng5 g6 27. Qc6 Rd8 28. Nxf7 Kxf7 29. Qxe6+ Kg7 30. Qf6+ Kh6 31. Qxd8 Be7 32. Qxc8 Qxa2 33. Qe8 Rb2 34. Qxe7 Rxf2 35. Qh4+ Kg7 36. Rc7+ Kg8 37. Qxh7+ 1-0

[Event "Africa-ch"]
[Site "Livingstone"]
[Date "2018.05.14"]
[Round "3"]
[White "Talbi, Chafik"]
[Black "Beukes, Dante M"]
[Result "1-0"]
[WhiteElo "2263"]
[BlackElo "1979"]
[PlyCount "71"]
[EventDate "2018.05.13"]
[EventType "swiss"]
[EventRounds "9"]
[EventCountry "ZAM"]
[SourceTitle "CBM 184 Extra"]
[Source "ChessBase"]
[SourceDate "2018.06.28"]
[SourceVersion "1"]
[SourceVersionDate "2018.06.28"]
[SourceQuality "1"]

1. d4 Nf6 2. Nf3 g6 3. g3 Bg7 4. Bg2 0-0 5. c4 d6 6. Nc3 c5 7. 0-0 Nc6 8. dxc5 dxc5 9. Be3 b6 10. Ne5 Nxe5 11. Bxa8 Bf5 12. Bg2 Nxc4 13. Qxd8 Rxd8 14. Rad1 Re8 15. Bc1 Bc2 16. Rde1 Rd8 17. Bf3 e5 18. e4 Nd2 19. Bxd2 Rxd2 20. Re2 Rxe2 21. Bxe2 Nxe4 22. Nxe4 Bxe4 23. Rd1 Bc6 24. Rd6 Be4 25. Rd7 Bc6 26. Rxa7 e4 27. b3 Bd4 28. Bc4 e3 29. fxe3 Bxe3+ 30. Kf1 b5 31. Bxf7+ Kf8 32. Be6 h5 33. Rc7 Be4 34. Ke2 Bg1 35. h3 Bb1 36. Rf7+ 1-0